000 00702nam a2200289Ia 4500
005 20260324141726.0
008 008 260324s9999 xx 000 0 eng d
020 _a9781315871400
037 _aEBOOK
040 _aCRL
040 _beng
040 _cCRL
041 _2eng
041 _aeng
084 _qCRL
100 _aThomas Lee
_9973494
245 0 _aShaping the Accountancy Profession (RLE Accounting)
245 4 _bThe Story of Three Scottish Pioneers
260 _bTaylor and Francis
260 _c1996
365 _a
365 _b145
856 _uhttp://www.taylorfrancis.com/books/9781315871400
942 _cEBOOK
999 _c1812664
_d1812664